Daň z finančných transakcí v kostce

Komplexný pohľad na problematiku daní z finančných transakcií (FTT, Financial transaction tax). Kľúčové aspekty v prípadoch, v ktorých by daň mohla ovplyvniť obchodovanie s finančnými nástrojmi českých subjektov.

Gespeichert in:
Bibliographische Detailangaben
1. Verfasser: Cloer, Adrian
Weitere Verfasser: Chrenko, Peter
Format: Buchkapitel
Sprache:Tschechisch
Schlagworte:
Tags: Tag hinzufügen
Keine Tags, Fügen Sie das erste Tag hinzu!

MARC

LEADER 00000naa a2200000 4500
001 0162909
005 20231211082316.1
041 0 |a cze 
044 |a CZ 
245 1 0 |a Daň z finančných transakcí v kostce  |c Adrian Cloer, Peter Chrenko 
520 |a Komplexný pohľad na problematiku daní z finančných transakcií (FTT, Financial transaction tax). Kľúčové aspekty v prípadoch, v ktorých by daň mohla ovplyvniť obchodovanie s finančnými nástrojmi českých subjektov. 
610 2 0 |a Česko 
610 2 0 |a banky 
610 2 0 |a bankovníctvo 
610 2 0 |a nástroje finančné 
610 2 0 |a obchody bankové 
610 2 0 |a dane z obratu 
610 2 0 |a dohľad bankový 
100 1 |a Cloer, Adrian 
700 1 |a Chrenko, Peter